Harry Potter character by clue Quiz Stats

 Plays Quiz not verified by Sporcle

Score 0/20 Timer 08:00
0 Plays Today
Clue Character % Correct
Smart girlHermione Granger
98.7%
Best friend to superheroRon Weasley
96.5%
SuperheroHarry Potter
96.2%
Youngest red headGinny Weasley
93.7%
Most hated teacherSeverus Snape
91.5%
The amazing bouncing ferretDraco Malfoy
89.3%
Nargles?Luna Lovegood
89%
GodfatherSirius Black
87.4%
Father of superheroJames Potter
84.9%
Clumsy muchNeville Longbottom
84.3%
Clue Character % Correct
Half-moon glassesAlbus Dumbledore
83%
Easy one to finish= Weasley (first name)Arthur
81.4%
Naughty goastPeeves
75.8%
Silvery blonde hairFleur Delacour
72.3%
ProphecySybill Trelawney
69.5%
ministry-loving, family-disowning, power-hungry moronPercy Weasley
68.9%
Hem HemDolores Umbridge
68.2%
Mini VeelaGabrielle Delacour
63.2%
Flat noseLord Voldemort
62.6%
10 years old basherDudley Dursley
33.6%

You're not logged in!

Compare scores with friends on all Sporcle quizzes.
OR
Log In

Show Comments

Extras

Created Nov 26, 2010ReportNominate
Tags:Harry Potter Quiz, character

Top Quizzes Today


Score Distribution

Your Account Isn't Verified!

In order to create a playlist on Sporcle, you need to verify the email address you used during registration. Go to your Sporcle Settings to finish the process.

Report this User

Report this user for behavior that violates our Community Guidelines.

Details: